000 00270nam a22001097a 4500
008 170124b xxu||||| |||| 00| 0 eng d
020 _a9781582553481
041 _aeng
080 _24TH
_a618.2
245 _aMEDICAL-SURGICAL NURSING
_cHARGROVE-HUTTEL, R.A
942 _2udc
_cBK
999 _c3489
_d3489